| 000 | 01331cam a22004094i 4500 | ||
|---|---|---|---|
| 003 | PE-LiUPU | ||
| 005 | 20250731172856.0 | ||
| 008 | 160920s1990 xxu r 000 0 spa d | ||
| 020 | _a9781943507009 | ||
| 035 | _a(Sirsi) a163624 | ||
| 040 |
_aPE-LiUPU _bspa _cPE-LiUPU _erda |
||
| 049 | _aPRUA | ||
| 082 | 0 | 4 |
_a269.2 _bL98 |
| 100 | 1 |
_aLuppens, John, _eautor. |
|
| 245 | 1 | 0 |
_aNew york City a simbol / _cJohn Luppens, Ripples Ministry. |
| 264 | 1 |
_aEE.UU : _bGLOBAL MISSION CENTERS, _c1990. |
|
| 300 |
_a99 páginas ; _c20 centímetros |
||
| 336 |
_text _2rdacontent |
||
| 337 |
_unmediated _2rdamedia |
||
| 338 |
_volume _2rdacarrier |
||
| 505 | 0 | _aForeword -- Introduction -- Endorsements -- Divine Counsels About New York City: 1848-1901 -- Implementing The VIsion about New York City: 1902. | |
| 526 | _aSEG42 | ||
| 526 | _aSEG41 | ||
| 526 | _aSEG40 | ||
| 526 | _aSEG39 | ||
| 526 | _aP94 | ||
| 526 | _aP87 | ||
| 526 | _aP86 | ||
| 526 | _aP85 | ||
| 526 | _aP77 | ||
| 526 | _aP76 | ||
| 526 | _aP35 | ||
| 596 | _a1 | ||
| 942 |
_2ddc _cBOOK |
||
| 999 |
_a269.2 L98 _wDEWEY _c12488 _i74491 _d12488 _e2016-11-17 _f2021-11-10 _g5 _lCCODEBUL1 _mBUL _n1 _p10.00 _r0 _sY _tBOOK _u2016-9-20 _xTEOLOGIA _PP35 _0COMPRA _o.STAFF. Colección Teología |
||
| 980 |
_81 _gALBERTO SANCHEZ Responsable de Automatización |
||